000 00601nam a22001817a 4500
005 20240704111956.0
008 240704b |||||||| |||| 00| 0 eng d
020 _a9786035073554
040 _c.
082 _2
_a796,4 343 B 2015
100 _aالبساطي ’ امر الله احمد
245 _aالتدريب الرياضي :
_bنظريات وتطبيقات /
_cأمر الله أحمد البساطي
250 _a
260 _aالرياض
_bجامعة الملك سعود
_c2015
300 _a298 ص
_c25 سم
650 _zالتدريب الرياضي
942 _2ddc
_cBK-AR
_n0
999 _c7053
_d7053